000 00663nam a2200253Ia 4500
005 20260121161221.0
008 008 260114s9999 xx 000 0 eng d
020 _a9781003371625
037 _aEBOOK
040 _aCRL
040 _beng
040 _cCRL
041 _2eng
041 _aeng
084 _qCRL
100 _aMatías Petersen
_91041656
245 0 _aPolitical Economy, Institutions and Virtue:Alasdair MacIntyre’s Revolutionary Aristotelianism
260 _bTaylor and Francis
260 _c2024
856 _uhttp://www.taylorfrancis.com/books/9781003371625
942 _cEBOOK
999 _c1608472
_d1608472